000 00345pam a2200157a 44500
008 230515b1968 xxu||||| |||| 00| 0 eng d
020 _aNULL
041 _aENGLISH
082 _a630
100 _a4695-1968
245 _aBASIC DIMENSIONS FOR KNUCKLE THREADS
250 _a0
260 _aDELHI
_bISI
_c1968
300 _a12
650 _aNULL
999 _c652152
_d652152